[Event "Ste Foy CC-ch"]
[Site "Ste Foy"]
[Date "2019.05.25"]
[Round "3"]
[White "Nafii, Adil"]
[Black "Poliquin, Yvone"]
[Result "0-1"]
[WhiteElo "1613"]
[BlackElo "1898"]
[PlyCount "84"]
[EventDate "2019.05.11"]
[EventType "tourn"]
[EventRounds "5"]
[EventCountry "CAN"]
[SourceTitle "EXT 2022"]
[Source "ChessBase"]
[SourceDate "2021.10.06"]
[SourceVersion "1"]
[SourceVersionDate "2021.10.06"]
[SourceQuality "1"]

1. d4 d5 2. c4 e6 3. Nc3 c5 4. Nf3 Nc6 5. cxd5 exd5 6. a3 Nf6 7. Bg5 Be7 8. dxc5 d4 9. Bxf6 gxf6 10. Ne4 Bg4 11. Nfd2 0-0 12. Qb3 Qd7 13. Nc4 Qd5 14. Ned2 Be6 15. Qg3+ Kh8 16. b4 Rad8 17. Qf3 Ne5 18. Nxe5 fxe5 19. Qxd5 Bxd5 20. f3 f5 21. g3 a5 22. Bg2 axb4 23. axb4 b6 24. Ra7 Bg5 25. Nf1 bxc5 26. bxc5 Ra8 27. Rd7 Ra1+ 28. Kf2 Bc6 29. Rd6 Bb5 30. h4 Bf6 31. Rb6 Ba6 32. Nd2 Ra2 33. Rd1 e4 34. fxe4 fxe4 35. Bxe4 Bd8+ 36. Bf3 Bxb6 37. cxb6 Rb2 38. Ke1 Rxb6 39. Be4 Re6 40. g4 Rf4 41. Bf3 Bxe2 42. Bxe2 d3 0-1

[Event "Ste Foy CC-ch"]
[Site "Ste Foy"]
[Date "2019.05.18"]
[Round "2"]
[White "Poliquin, Yvone"]
[Black "Desbiens, Raphael"]
[Result "1/2-1/2"]
[WhiteElo "1898"]
[BlackElo "2185"]
[PlyCount "121"]
[EventDate "2019.05.11"]
[EventType "tourn"]
[EventRounds "5"]
[EventCountry "CAN"]
[SourceTitle "EXT 2022"]
[Source "ChessBase"]
[SourceDate "2021.10.06"]
[SourceVersion "1"]
[SourceVersionDate "2021.10.06"]
[SourceQuality "1"]

1. e4 e5 2. Nc3 Nf6 3. f4 Nc6 4. fxe5 Nxe5 5. d4 Ng6 6. e5 Ng8 7. Qh5 Bb4 8. Nf3 h6 9. Bd3 N8e7 10. a3 Bxc3+ 11. bxc3 d6 12. 0-0 Be6 13. exd6 Qxd6 14. Re1 0-0-0 15. Rb1 Qc6 16. Qa5 a6 17. Ne5 Nxe5 18. Rxe5 Rd5 19. Rxd5 Bxd5 20. Bf1 Ng6 21. g3 Re8 22. Bd2 Nh4 23. Bh3+ Kb8 24. Bf4 Nf3+ 25. Kf2 Bc4 26. Qxc7+ Qxc7 27. Kxf3 b5 28. a4 Re2 29. axb5 axb5 30. Bf1 Rxc2 31. Bxc4 Rxc3+ 32. Bd3 Rxd3+ 33. Ke4 Qxf4+ 34. gxf4 Rh3 35. Rxb5+ Kc7 36. Rb2 g6 37. Ra2 Kd6 38. Ra6+ Ke7 39. Ra2 f5+ 40. Kd5 h5 41. Ra7+ Kf6 42. Ra6+ Kg7 43. Ra7+ Kh6 44. Ke5 Rxh2 45. Kf6 Rb2 46. d5 Rb6+ 47. Ke7 h4 48. d6 h3 49. Ra3 Kh5 50. Rxh3+ Kg4 51. Rh6 Kxf4 52. d7 Rb7 53. Rxg6 Ke3 54. Re6+ Kf3 55. Rd6 f4 56. Kf6 Rxd7 57. Rxd7 Kg2 58. Rg7+ Kh2 59. Ke5 f3 60. Rf7 Kg2 61. Rxf3 1/2-1/2

[Event "Ste Foy Morphy"]
[Site "Ste Foy"]
[Date "2019.03.23"]
[Round "5"]
[White "Poliquin, Yvone"]
[Black "Chouinard, Etienne"]
[Result "0-1"]
[WhiteElo "1888"]
[BlackElo "1868"]
[PlyCount "80"]
[EventDate "2019.02.16"]
[EventType "swiss"]
[EventRounds "5"]
[EventCountry "CAN"]
[SourceTitle "EXT 2022"]
[Source "ChessBase"]
[SourceDate "2021.10.06"]
[SourceVersion "1"]
[SourceVersionDate "2021.10.06"]
[SourceQuality "1"]

1. c4 Nf6 2. Nf3 e6 3. d4 d5 4. g3 c6 5. Bg2 Bd6 6. 0-0 Ne4 7. Qc2 f5 8. b3 Nd7 9. Ba3 Bxa3 10. Nxa3 g5 11. e3 h5 12. Nd2 g4 13. Nxe4 fxe4 14. cxd5 exd5 15. Rac1 Qe7 16. Qb2 h4 17. b4 hxg3 18. hxg3 Qh7 19. Rfe1 a6 20. Qc2 Nf6 21. Nb1 Qh2+ 22. Kf1 Nh5 23. Nc3 Nxg3+ 24. fxg3 Rf8+ 25. Ke2 Qxg2+ 26. Kd1 Rf2 27. Ne2 Qf3 28. Qc3 Bd7 29. Rc2 b6 30. Kc1 a5 31. Qa3 Qf8 32. Rb2 Rc8 33. Kd1 axb4 34. Rxb4 c5 35. Rxb6 cxd4 36. Qxf8+ Kxf8 37. Rh1 Ba4+ 38. Ke1 Rxe2+ 39. Kxe2 d3+ 40. Kf2 Rc2+ 0-1

[Event "Ste Foy Morphy"]
[Site "Ste Foy"]
[Date "2019.03.02"]
[Round "3"]
[White "Desbiens, Raphael"]
[Black "Poliquin, Yvone"]
[Result "1-0"]
[WhiteElo "2201"]
[BlackElo "1888"]
[PlyCount "73"]
[EventDate "2019.02.16"]
[EventType "swiss"]
[EventRounds "5"]
[EventCountry "CAN"]
[SourceTitle "EXT 2022"]
[Source "ChessBase"]
[SourceDate "2021.10.06"]
[SourceVersion "1"]
[SourceVersionDate "2021.10.06"]
[SourceQuality "1"]

1. e4 e6 2. d4 d5 3. Nd2 Nc6 4. Ngf3 Nh6 5. c3 f5 6. exd5 exd5 7. Bb5 Nf7 8. 0-0 Be7 9. Re1 0-0 10. Nf1 a6 11. Bd3 Nd6 12. Ne3 Ne4 13. c4 Nb4 14. cxd5 Nxd3 15. Qxd3 Bb4 16. Rd1 Nf6 17. Qc4 Bd6 18. Ne5 f4 19. Nc2 Nh5 20. Ne1 g5 21. g3 Qf6 22. Qe2 Ng7 23. gxf4 gxf4 24. N1f3 Bh3 25. Kh1 Rae8 26. Rg1 Kh8 27. Bd2 Nf5 28. Bc3 Ne7 29. Ng5 Bf5 30. Ne6 Bxe6 31. dxe6 Bxe5 32. Qxe5 Qxe5 33. dxe5 Nd5 34. Rad1 c6 35. e7 Rg8 36. e6+ Nxc3 37. Rxg8+ 1-0

[Event "Ste Foy Tal"]
[Site "Ste Foy"]
[Date "2018.12.08"]
[Round "3"]
[White "Foucreault, Laurent"]
[Black "Poliquin, Yvone"]
[Result "0-1"]
[WhiteElo "1556"]
[BlackElo "1892"]
[PlyCount "64"]
[EventDate "2018.11.24"]
[EventType "swiss"]
[EventRounds "4"]
[EventCountry "CAN"]
[SourceTitle "EXT 2022"]
[Source "ChessBase"]
[SourceDate "2021.10.06"]
[SourceVersion "1"]
[SourceVersionDate "2021.10.06"]
[SourceQuality "1"]

1. d4 Nf6 2. Bf4 d6 3. Nf3 Bg4 4. Nbd2 g6 5. h3 Bc8 6. e3 Bg7 7. c3 Nbd7 8. Bd3 e5 9. Bh2 0-0 10. Qc2 Re8 11. 0-0 a6 12. dxe5 Nxe5 13. Nxe5 dxe5 14. Rad1 Qe7 15. e4 Nd7 16. a4 Nc5 17. Bc4 Bd7 18. b3 b5 19. axb5 axb5 20. Be2 Bc6 21. b4 Ne6 22. Bf3 Ra7 23. Nb3 Rea8 24. Na5 Be8 25. Qb1 c5 26. Rd5 cxb4 27. cxb4 f6 28. Be2 Nd4 29. Bd3 Bf8 30. Rc5 Rxa5 31. bxa5 Qxc5 32. Rc1 Qa3 0-1

[Event "Ste Foy Fischer"]
[Site "Ste Foy"]
[Date "2018.10.27"]
[Round "3"]
[White "Fleury, Dominic"]
[Black "Poliquin, Yvone"]
[Result "0-1"]
[WhiteElo "1365"]
[BlackElo "1926"]
[PlyCount "78"]
[EventDate "2018.10.13"]
[EventType "swiss"]
[EventRounds "5"]
[EventCountry "CAN"]
[SourceTitle "EXT 2022"]
[Source "ChessBase"]
[SourceDate "2021.10.06"]
[SourceVersion "1"]
[SourceVersionDate "2021.10.06"]
[SourceQuality "1"]

1. e4 c5 2. Nf3 Nc6 3. Bc4 g6 4. c3 Bg7 5. d4 cxd4 6. cxd4 d6 7. h3 Qb6 8. Be3 Qxb2 9. Nbd2 Qa3 10. 0-0 a6 11. Ng5 Nh6 12. Qf3 0-0 13. Rab1 Nxd4 14. Bxd4 Qxf3 15. Ndxf3 Bxd4 16. Nxd4 b5 17. Bd5 Ra7 18. f4 e6 19. Bc6 Kg7 20. a4 bxa4 21. Bxa4 Ng8 22. Nc6 Rc7 23. Rfd1 h6 24. Nf3 Nf6 25. e5 dxe5 26. Nfxe5 Nd5 27. Rd4 Nc3 28. Rdb4 Nxb1 29. Rxb1 f6 30. Nd3 Bd7 31. Nd4 Kf7 32. Rb6 Bxa4 33. Nxe6 Rc6 34. Rxc6 Bxc6 35. Nec5 a5 36. Kf2 Bb5 37. Nb2 Re8 38. Nb7 Re2+ 39. Kf3 Rxb2 0-1

[Event "Ste Foy Tal"]
[Site "Ste Foy"]
[Date "2017.12.02"]
[Round "2"]
[White "Chouinard, Etienne"]
[Black "Poliquin, Yvone"]
[Result "1/2-1/2"]
[WhiteElo "1903"]
[BlackElo "1929"]
[PlyCount "149"]
[EventDate "2017.11.25"]
[EventType "swiss"]
[EventRounds "5"]
[EventCountry "CAN"]
[SourceTitle "EXT 2022"]
[Source "ChessBase"]
[SourceDate "2021.10.06"]
[SourceVersion "1"]
[SourceVersionDate "2021.10.06"]
[SourceQuality "1"]

1. d4 d5 2. c4 e6 3. Nc3 c5 4. e3 Nf6 5. Nf3 Nc6 6. cxd5 exd5 7. Be2 Be7 8. dxc5 Bxc5 9. 0-0 0-0 10. a3 a6 11. b4 Bd6 12. Bb2 Be6 13. Qb1 h6 14. Rd1 Qe7 15. Rd2 Rad8 16. Qd1 Bb8 17. Ne1 Ne5 18. b5 Nc4 19. Bxc4 dxc4 20. bxa6 bxa6 21. Nf3 Rxd2 22. Nxd2 Rd8 23. Qe2 Ng4 24. Nf1 Ne5 25. Na2 Nd3 26. Nb4 Nxb2 27. Qxb2 Qd6 28. Qd4 Qxd4 29. exd4 Rd6 30. Rd1 a5 31. Nc2 Bf5 32. Nfe3 Bd3 33. g3 Rb6 34. Ne1 Rb3 35. Nxd3 cxd3 36. Nc4 a4 37. Rc1 Ba7 38. d5 Rb5 39. Rd1 Rxd5 40. Nb2 Bc5 41. Nxa4 Bxa3 42. Kf1 h5 43. Nc3 Rd7 44. Ke1 Bb4 45. Kd2 g5 46. Rb1 Ba5 47. Ra1 Rd5 48. Ra3 Kg7 49. Kd1 Rf5 50. Ne4 Rd5 51. f3 f5 52. Nxg5 d2 53. Ne6+ Kf7 54. Nf4 Rb5 55. Rxa5 Rxa5 56. Nxh5 Ra1+ 57. Kxd2 Ra2+ 58. Ke3 Rxh2 59. Nf4 Ra2 60. Nd5 Ra4 61. Nc3 Ra3 62. Kd4 Kg6 63. Kc4 Kg5 64. Kd4 Ra1 65. Ke3 Ra3 66. Kd4 Rb3 67. Kd3 Kf6 68. Kc2 Ra3 69. Kb2 Ra8 70. Kc2 Rg8 71. Ne2 Rd8 72. g4 fxg4 73. fxg4 Kg5 74. Kc3 Kxg4 75. Kc4 1/2-1/2

[Event "Ste Foy Polgar"]
[Site "Ste Foy"]
[Date "2017.05.13"]
[Round "1"]
[White "Genest, Dominic"]
[Black "Poliquin, Yvone"]
[Result "0-1"]
[WhiteElo "1706"]
[BlackElo "1960"]
[PlyCount "68"]
[EventDate "2017.05.13"]
[EventType "swiss"]
[EventRounds "5"]
[EventCountry "CAN"]
[SourceTitle "EXT 2022"]
[Source "ChessBase"]
[SourceDate "2021.10.06"]
[SourceVersion "1"]
[SourceVersionDate "2021.10.06"]
[SourceQuality "1"]

1. c4 e6 2. g3 f5 3. Bg2 Nf6 4. Nf3 d6 5. Nc3 e5 6. d3 Be7 7. Rb1 0-0 8. b4 Qe8 9. Nh4 Nh5 10. Nd5 Bd8 11. b5 c6 12. bxc6 bxc6 13. Ba3 Be6 14. Bxd6 cxd5 15. cxd5 Bd7 16. Bxf8 Kxf8 17. e4 Bxh4 18. Bf3 Bd8 19. Bxh5 Ba5+ 20. Kf1 g6 21. Qc1 Bb6 22. Qa3+ Qe7 23. d6 Qd8 24. Bf3 Nc6 25. exf5 Nd4 26. Bxa8 Qxa8 27. Rg1 Qf3 28. Rxb6 axb6 29. g4 Qe2+ 30. Kg2 Qxg4+ 31. Kf1 Qe2+ 32. Kg2 Bc6+ 33. Kh3 Qh5+ 34. Kg3 Ne2# 0-1

[Event "Ste Foy Petrossian"]
[Site "Ste Foy"]
[Date "2017.04.01"]
[Round "1"]
[White "Tremblay, Charles"]
[Black "Poliquin, Yvone"]
[Result "0-1"]
[WhiteElo "1690"]
[BlackElo "2004"]
[PlyCount "94"]
[EventDate "2017.04.01"]
[EventType "swiss"]
[EventRounds "5"]
[EventCountry "CAN"]
[SourceTitle "EXT 2022"]
[Source "ChessBase"]
[SourceDate "2021.10.06"]
[SourceVersion "1"]
[SourceVersionDate "2021.10.06"]
[SourceQuality "1"]

1. c4 e5 2. Nc3 Nf6 3. Nf3 e4 4. Ng5 b5 5. Ngxe4 Nxe4 6. Nxe4 bxc4 7. Qa4 Be7 8. b3 Bb7 9. Nc3 cxb3 10. Qxb3 Qc8 11. Rb1 Bc6 12. Nd5 Bxd5 13. Qxd5 Nc6 14. Bb2 Rb8 15. e3 0-0 16. Bc4 Nb4 17. Qe4 Re8 18. 0-0 c6 19. Qg4 Bf8 20. Qf3 d5 21. Bb3 Nd3 22. Bc3 Nc5 23. Bc2 Ne4 24. Bxe4 dxe4 25. Qg3 Rxb1 26. Rxb1 Qa6 27. Ra1 Qb7 28. h3 Re6 29. Kh1 c5 30. a3 Rb6 31. a4 a5 32. Rd1 f6 33. Qg4 Qc6 34. Ra1 g6 35. g3 Kf7 36. Kg2 h5 37. Qe2 c4 38. h4 f5 39. Qd1 Bg7 40. Bxa5 Rb3 41. Ra2 Qd5 42. Bc7 Rb7 43. Bf4 c3 44. Qc2 Rb2 45. Rxb2 cxb2 46. Qc7+ Kg8 47. Qb8+ Kh7 0-1

[Event "Ste Foy Botwinnik"]
[Site "Ste Foy"]
[Date "2016.09.17"]
[Round "2"]
[White "Gaudreau, Eric"]
[Black "Poliquin, Yvone"]
[Result "0-1"]
[WhiteElo "1712"]
[BlackElo "2021"]
[PlyCount "44"]
[EventDate "2016.09.10"]
[EventType "swiss"]
[EventRounds "5"]
[EventCountry "CAN"]
[SourceTitle "EXT 2022"]
[Source "ChessBase"]
[SourceDate "2021.10.06"]
[SourceVersion "1"]
[SourceVersionDate "2021.10.06"]
[SourceQuality "1"]

1. c4 e5 2. g3 Nf6 3. Bg2 c6 4. d4 exd4 5. Qxd4 d5 6. cxd5 cxd5 7. Nc3 Nc6 8. Qa4 Be6 9. Bg5 Bb4 10. a3 Bxc3+ 11. bxc3 h6 12. Be3 Qa5 13. Qxa5 Nxa5 14. Nf3 0-0 15. Ne5 Rfc8 16. Bd4 Ne4 17. 0-0 Nxc3 18. Bxc3 Rxc3 19. Rfd1 Rd8 20. Rdc1 d4 21. Rxc3 dxc3 22. Rc1 Nb3 0-1

[Event "Ste-Foy - Petrosian"]
[Site "Ste Foy"]
[Date "2015.04.25"]
[Round "3"]
[White "Poliquin, Yvone"]
[Black "Gaudreau, Eric"]
[Result "1-0"]
[WhiteElo "1981"]
[BlackElo "1753"]
[PlyCount "61"]
[EventDate "2015.04.11"]
[EventType "swiss"]
[EventRounds "5"]
[EventCountry "CAN"]
[SourceTitle "EXT 2019"]
[Source "ChessBase"]
[SourceDate "2018.10.10"]
[SourceVersion "1"]
[SourceVersionDate "2018.10.10"]
[SourceQuality "1"]

1. d4 d5 2. Nf3 Nf6 3. e3 e6 4. Bd3 c5 5. c3 Nc6 6. Nbd2 Be7 7. 0-0 0-0 8. Re1 b6 9. Ne5 Bb7 10. f4 Qc8 11. Qf3 a5 12. g4 Ba6 13. Bb1 cxd4 14. exd4 Ra7 15. Qh3 g6 16. Ndf3 Nxe5 17. fxe5 Ne4 18. Bxe4 dxe4 19. Ng5 Bxg5 20. Bxg5 f6 21. Bxf6 Rxf6 22. exf6 Qc6 23. Re3 Rf7 24. g5 Qd5 25. Qg3 h6 26. h4 h5 27. Qf4 Bd3 28. Rae1 Qxa2 29. Rxe4 Bxe4 30. Qxe4 Kf8 31. Qa8# 1-0

[Event "Ste-Foy - Morphy"]
[Site "Ste Foy"]
[Date "2015.03.21"]
[Round "4"]
[White "Poliquin, Yvone"]
[Black "Sauve, Richard"]
[Result "1/2-1/2"]
[WhiteElo "1998"]
[BlackElo "1882"]
[PlyCount "133"]
[EventDate "2015.02.28"]
[EventType "swiss"]
[EventRounds "5"]
[EventCountry "CAN"]
[SourceTitle "EXT 2019"]
[Source "ChessBase"]
[SourceDate "2018.10.10"]
[SourceVersion "1"]
[SourceVersionDate "2018.10.10"]
[SourceQuality "1"]

1. e4 e6 2. d4 d5 3. exd5 exd5 4. Nf3 Nf6 5. c4 Bb4+ 6. Nc3 0-0 7. Be2 Nc6 8. 0-0 dxc4 9. h3 Be6 10. Bg5 Be7 11. Be3 Nd5 12. Qd2 Qd7 13. Rfd1 Rad8 14. Bxc4 Nxc3 15. Qxc3 Bxc4 16. Qxc4 Qd5 17. Rac1 Rd7 18. Qxd5 Rxd5 19. a3 Rfd8 20. Rd3 h6 21. Rdc3 Bf6 22. Kf1 R8d7 23. b4 a6 24. Rc5 Be7 25. R5c4 Bf6 26. Ke2 Kf8 27. Rc5 Be7 28. Rxd5 Rxd5 29. Kd3 Bf6 30. Kc4 Ne7 31. Nd2 Rd6 32. Kd3 Rc6 33. Rxc6 Nxc6 34. Ne4 Be7 35. Bf4 a5 36. b5 Na7 37. a4 c6 38. Kc4 cxb5+ 39. axb5 Nc8 40. Bc7 b6 41. Nc3 Ke8 42. Nd5 Bd8 43. Bb8 Kd7 44. Ne3 Bc7 45. Bxc7 Kxc7 46. Nd5+ Kd6 47. Nc3 f5 48. g4 fxg4 49. hxg4 g6 50. f4 h5 51. f5 hxg4 52. fxg6 Ne7 53. g7 Ke6 54. Nd5 Ng8 55. Ne3 g3 56. d5+ Kf7 57. Kd4 a4 58. Kc4 Nf6 59. d6 Kxg7 60. Nf5+ Kf7 61. Nxg3 Ke6 62. Kb4 Kxd6 63. Kxa4 Kc5 64. Nf5 Nd5 65. Ng7 Nc3+ 66. Kb3 Nxb5 67. Nf5 1/2-1/2

[Event "Ste-Foy - Morphy"]
[Site "Ste Foy"]
[Date "2015.03.14"]
[Round "3"]
[White "Laflamme, Simon"]
[Black "Poliquin, Yvone"]
[Result "1/2-1/2"]
[WhiteElo "1993"]
[BlackElo "1998"]
[PlyCount "71"]
[EventDate "2015.02.28"]
[EventType "swiss"]
[EventRounds "5"]
[EventCountry "CAN"]
[SourceTitle "EXT 2019"]
[Source "ChessBase"]
[SourceDate "2018.10.10"]
[SourceVersion "1"]
[SourceVersionDate "2018.10.10"]
[SourceQuality "1"]

1. Nf3 Nf6 2. c4 g6 3. Nc3 Bg7 4. e4 d6 5. d4 0-0 6. Be2 e5 7. 0-0 Nc6 8. d5 Ne7 9. Ne1 c6 10. Nd3 Ne8 11. Bd2 f5 12. f3 f4 13. Rc1 c5 14. a3 g5 15. b4 b6 16. g4 Nf6 17. bxc5 bxc5 18. Rb1 h5 19. h3 Rf7 20. Qa4 Ng6 21. Nb5 a5 22. Nc1 hxg4 23. hxg4 Bxg4 24. fxg4 Nxe4 25. Bxa5 Rxa5 26. Qc2 Nh4 27. Qxe4 f3 28. Bd3 Bf8 29. Nb3 Ra8 30. Nd2 Qd7 31. Nxf3 Rf4 32. Qh7+ Qxh7 33. Bxh7+ Kxh7 34. Nxg5+ Kg6 35. Rxf4 exf4 36. Ne6 1/2-1/2

[Event "Ste-Foy - Morphy"]
[Site "Ste Foy"]
[Date "2015.03.07"]
[Round "2"]
[White "Poliquin, Yvone"]
[Black "Dube, Daniel"]
[Result "1/2-1/2"]
[WhiteElo "1998"]
[BlackElo "1848"]
[PlyCount "101"]
[EventDate "2015.02.28"]
[EventType "swiss"]
[EventRounds "5"]
[EventCountry "CAN"]
[SourceTitle "EXT 2019"]
[Source "ChessBase"]
[SourceDate "2018.10.10"]
[SourceVersion "1"]
[SourceVersionDate "2018.10.10"]
[SourceQuality "1"]

1. e4 Nf6 2. e5 Nd5 3. d4 d6 4. Nf3 dxe5 5. Nxe5 c6 6. Be2 Bf5 7. 0-0 Nd7 8. Nd3 e6 9. c4 N5f6 10. Qb3 Qb6 11. Be3 Qxb3 12. axb3 Bd6 13. Nc3 Ng4 14. h3 Nxe3 15. fxe3 Nf6 16. c5 Bc7 17. b4 Ne4 18. Nxe4 Bxe4 19. Nf2 Bg6 20. b5 Kd7 21. Rfd1 Bg3 22. Ra3 Bxf2+ 23. Kxf2 cxb5 24. Bxb5+ Kc7 25. Rda1 a6 26. Be2 Be4 27. b4 Rad8 28. Bf3 f5 29. Be2 h5 30. b5 axb5 31. Bxb5 e5 32. Ra4 exd4 33. exd4 h4 34. Be2 Rh6 35. Bf3 Re6 36. Rb4 Re7 37. Re1 Ra8 38. d5 Ra2+ 39. Kg1 Rd7 40. Bxe4 fxe4 41. Rxb7+ Kxb7 42. c6+ Kc7 43. cxd7 Ra4 44. Rb1 e3 45. Kf1 Kxd7 46. Rb7+ Kd6 47. Rxg7 Kxd5 48. Ke2 Re4 49. g4 hxg3 50. Rxg3 Kd4 51. Rg4 1/2-1/2

[Event "Ste Foy Botwinnik"]
[Site "Ste Foy"]
[Date "2014.09.20"]
[Round "3"]
[White "Dube, Daniel"]
[Black "Poliquin, Yvone"]
[Result "0-1"]
[WhiteElo "1832"]
[BlackElo "2017"]
[PlyCount "128"]
[EventDate "2014.09.06"]
[EventType "swiss"]
[EventRounds "5"]
[EventCountry "CAN"]
[SourceTitle "EXT 2022"]
[Source "ChessBase"]
[SourceDate "2021.10.06"]
[SourceVersion "1"]
[SourceVersionDate "2021.10.06"]
[SourceQuality "1"]

1. e4 c5 2. b3 Nc6 3. Bb2 d6 4. Bc4 e6 5. Nf3 a6 6. a4 Nf6 7. Nc3 Be7 8. d4 cxd4 9. Nxd4 0-0 10. Nxc6 bxc6 11. 0-0 d5 12. Bd3 d4 13. Ne2 e5 14. h3 Nd7 15. f4 c5 16. Bc1 Bb7 17. Ng3 Bf6 18. Qg4 Bc8 19. f5 Kh8 20. Nh5 Rg8 21. Bc4 Qe7 22. Bd5 Rb8 23. a5 Bb7 24. Bxb7 Rxb7 25. Rf3 Rbb8 26. Rg3 Qd6 27. Bg5 Bxg5 28. Qxg5 f6 29. Qh4 Nf8 30. Rg4 Qe7 31. Rf1 Nd7 32. Nf4 g5 33. Nd5 gxh4 34. Rxg8+ Kxg8 35. Nxe7+ Kf7 36. Nd5 Rb7 37. Ra1 Nb8 38. Nb6 Nc6 39. Nc4 Ke7 40. Kf2 Nb4 41. Nb6 Nxc2 42. Rc1 Nb4 43. Ke2 Rc7 44. Na4 Kd6 45. Nb2 Kc6 46. Nc4 Rg7 47. Rg1 Rg3 48. Nd2 Re3+ 49. Kd1 Kb5 50. Kc1 Rc3+ 51. Kd1 Nd3 52. Ke2 Nf4+ 53. Kf2 Rc2 54. Rd1 Kxa5 55. Kf1 Kb4 56. Nf3 d3 57. Ra1 d2 58. Nxd2 Rxd2 59. Rxa6 Kxb3 60. Rxf6 c4 61. Rb6+ Kc2 62. f6 Rd7 63. Rb5 c3 64. Rxe5 Rd1+ 0-1

[Event "Ste Foy Botwinnik"]
[Site "Ste Foy"]
[Date "2014.09.13"]
[Round "2"]
[White "Poliquin, Yvone"]
[Black "Labrecque, Rejean"]
[Result "1-0"]
[WhiteElo "2017"]
[BlackElo "1613"]
[PlyCount "97"]
[EventDate "2014.09.06"]
[EventType "swiss"]
[EventRounds "5"]
[EventCountry "CAN"]
[SourceTitle "EXT 2022"]
[Source "ChessBase"]
[SourceDate "2021.10.06"]
[SourceVersion "1"]
[SourceVersionDate "2021.10.06"]
[SourceQuality "1"]

1. e4 e5 2. Nf3 Nc6 3. d4 exd4 4. Nxd4 Nxd4 5. Qxd4 Nf6 6. Nc3 d6 7. Bc4 Be6 8. 0-0 Bxc4 9. Qxc4 Be7 10. Qb5+ Qd7 11. Qxb7 0-0 12. Qa6 Rfb8 13. Qd3 a5 14. h3 a4 15. Rb1 h6 16. Bf4 Qc6 17. Nd5 Nxd5 18. exd5 Qd7 19. Bd2 Bf6 20. Bc3 Bxc3 21. Qxc3 Qf5 22. Qc6 Qc8 23. b3 Rb6 24. Qc3 Qb7 25. Qd3 Rb8 26. Rfe1 Rb5 27. Rbd1 axb3 28. axb3 Rc5 29. Re7 Rf8 30. c4 Ra5 31. Qg3 Qb6 32. Rde1 Qd4 33. Rxc7 Ra1 34. Rxa1 Qxa1+ 35. Kh2 Re8 36. Qxd6 Re1 37. Qf4 Rh1+ 38. Kg3 Qc3+ 39. f3 Qe1+ 40. Kg4 Qe8 41. Qe4 h5+ 42. Kg3 h4+ 43. Kxh4 g5+ 44. Kg3 Qf8 45. c5 Rc1 46. b4 Qd8 47. Re7 Kg7 48. d6 Rd1 49. Qf5 1-0

[Event "Ste Foy Samedi 04"]
[Site "Ste Foy"]
[Date "2014.05.03"]
[Round "4"]
[White "Poliquin, Yvone"]
[Black "Dube, Daniel"]
[Result "0-1"]
[WhiteElo "2049"]
[BlackElo "1846"]
[PlyCount "54"]
[EventDate "2014.04.05"]
[EventType "swiss"]
[EventRounds "5"]
[EventCountry "CAN"]
[SourceTitle "EXT 2022"]
[Source "ChessBase"]
[SourceDate "2021.10.06"]
[SourceVersion "1"]
[SourceVersionDate "2021.10.06"]
[SourceQuality "1"]

1. e4 e5 2. Nc3 Nf6 3. f4 d5 4. fxe5 Nxe4 5. Nf3 Bg4 6. Be2 Bxf3 7. Bxf3 Nc6 8. d4 Bb4 9. Qd3 0-0 10. 0-0 Nxd4 11. Nxe4 Nxf3+ 12. gxf3 dxe4 13. Qxe4 Bc5+ 14. Be3 Qe7 15. Kh1 Bxe3 16. Qxe3 Kh8 17. Rg1 Rae8 18. Rae1 Rd8 19. Qc3 Qe6 20. Rg2 Rd7 21. Rd2 Rfd8 22. Rxd7 Rxd7 23. Qb4 h6 24. Qxb7 Rd2 25. Qa8+ Kh7 26. Qe4+ g6 27. Re2 Qh3 0-1

[Event "Charlesbourg Keres"]
[Site "Charlesbourg"]
[Date "2012.04.02"]
[Round "2"]
[White "Poliquin, Yvone"]
[Black "Tremblay, Rejean"]
[Result "0-1"]
[WhiteElo "1959"]
[BlackElo "2240"]
[PlyCount "76"]
[EventDate "2012.03.26"]
[EventType "swiss"]
[EventRounds "5"]
[EventCountry "CAN"]
[SourceTitle "EXT 2022"]
[Source "ChessBase"]
[SourceDate "2021.10.06"]
[SourceVersion "1"]
[SourceVersionDate "2021.10.06"]
[SourceQuality "1"]

1. e4 c5 2. Nf3 d6 3. d4 cxd4 4. Nxd4 Nf6 5. Nc3 a6 6. Bg5 e6 7. Qf3 h6 8. Bh4 Nbd7 9. 0-0-0 Be7 10. Bxf6 Bxf6 11. Qg3 Be5 12. f4 Bf6 13. h4 Qb6 14. Nb3 0-0 15. Nd2 Qc6 16. Ndb1 b5 17. a3 Bb7 18. Bd3 Rab8 19. Qf3 Nc5 20. g4 Bxc3 21. Nxc3 f5 22. gxf5 Rxf5 23. Qg4 Rf7 24. Rhg1 Rbf8 25. Kb1 Qc7 26. Rdf1 Nxd3 27. cxd3 Bc8 28. h5 Qc5 29. Qg6 Qd4 30. e5 dxe5 31. Rf3 exf4 32. Ne4 Bb7 33. Re1 Bd5 34. Qg2 Rc7 35. Qf1 e5 36. Rf2 b4 37. axb4 Qxb4 38. Rg2 Qb3 0-1

[Event "Charlesbourg Millenium"]
[Site "Charlesbourg"]
[Date "2011.12.12"]
[Round "4"]
[White "Poliquin, Yvone"]
[Black "Beaudoin, Stephane"]
[Result "0-1"]
[WhiteElo "1979"]
[BlackElo "2068"]
[PlyCount "60"]
[EventDate "2011.11.21"]
[EventType "swiss"]
[EventRounds "5"]
[EventCountry "CAN"]
[SourceTitle "EXT 2022"]
[Source "ChessBase"]
[SourceDate "2021.10.06"]
[SourceVersion "1"]
[SourceVersionDate "2021.10.06"]
[SourceQuality "1"]

1. e4 g6 2. d4 Bg7 3. Nc3 d6 4. f4 c6 5. a4 Nf6 6. Nf3 0-0 7. h3 c5 8. Be2 Nh5 9. Kf2 cxd4 10. Nxd4 Nxf4 11. Bxf4 e5 12. Be3 exd4 13. Bxd4 Nc6 14. Bxg7 Kxg7 15. g4 Be6 16. Kg2 Rc8 17. Qd2 Qe7 18. Rae1 Rfd8 19. Rhf1 h6 20. Bd3 Ne5 21. Nd5 Qg5 22. Qf2 Nxd3 23. cxd3 Bxd5 24. Qd4+ Qe5 25. Qxe5+ dxe5 26. exd5 Rxd5 27. Rf3 Rc2+ 28. Kg3 Rxb2 29. d4 Rxd4 30. Rxe5 Rd7 0-1

[Event "Quebec Montcalm op 5 2010-11"]
[Site "Quebec"]
[Date "2011.03.10"]
[Round "4"]
[White "Auger, Bertrand"]
[Black "Poliquin, Yvone"]
[Result "1-0"]
[WhiteElo "1941"]
[BlackElo "1963"]
[PlyCount "115"]
[EventDate "2011.02.16"]
[EventType "swiss"]
[EventRounds "5"]
[EventCountry "CAN"]
[SourceTitle "EXT 2022"]
[Source "ChessBase"]
[SourceDate "2021.10.06"]
[SourceVersion "1"]
[SourceVersionDate "2021.10.06"]
[SourceQuality "1"]

1. d4 d5 2. Nf3 e6 3. c4 c5 4. cxd5 exd5 5. g3 Nc6 6. Bg2 Nf6 7. 0-0 Be7 8. Nc3 0-0 9. dxc5 d4 10. Na4 Bf5 11. Qb3 Be4 12. Rd1 d3 13. Rxd3 Bxd3 14. exd3 Na5 15. Qc2 Nd5 16. a3 Bf6 17. Nc3 Re8 18. Ne4 Be7 19. d4 h6 20. Nc3 Bf6 21. Bd2 Nxc3 22. Bxc3 Nc6 23. Rd1 Rc8 24. b4 Nb8 25. Ne5 Bxe5 26. dxe5 Qe7 27. Rd6 Nc6 28. f4 a6 29. Qd2 Rcd8 30. a4 Rxd6 31. cxd6 Qd7 32. Qd5 Rc8 33. Be4 Nd8 34. Qd3 Qxa4 35. Bh7+ Kh8 36. Bf5 Ne6 37. Be4 Qa3 38. Bd2 Qxd3 39. Bxd3 Nd8 40. Kf2 Kg8 41. Ke3 Kf8 42. Be4 g6 43. Bd5 b6 44. g4 a5 45. f5 gxf5 46. gxf5 Rb8 47. e6 fxe6 48. Bxe6 Nc6 49. b5 Nd8 50. Ke4 Nf7 51. Bf4 Ng5+ 52. Kd5 a4 53. d7 Ra8 54. Bd6+ Kg7 55. Ba3 Kf6 56. Bb2+ Ke7 57. f6+ Kd8 58. Ba3 1-0